BASIC OPHTHALMOLOGY (Record no. 14928)

MARC details
000 -LEADER
fixed length control field 00330nam a22001577a 4500
003 - CONTROL NUMBER IDENTIFIER
control field SGT
020 ## - INTERNATIONAL STANDARD BOOK NUMBER
International Standard Book Number 978-93-5250-005-5
082 ## - DEWEY DECIMAL CLASSIFICATION NUMBER
Classification number 617.7
Item number B16J
100 ## - MAIN ENTRY--PERSONAL NAME
Personal name JOGI,RENU
245 ## - TITLE STATEMENT
Title BASIC OPHTHALMOLOGY
250 ## - EDITION STATEMENT
Edition statement 5TH
260 ## - PUBLICATION, DISTRIBUTION, ETC. (IMPRINT)
Place of publication, distribution, etc NEW DELHI
Name of publisher, distributor, etc JAYPEE PUB
Year of Publication 2016
300 ## - PAGE DESCRIPTION
No. of Pages 576
650 ## - SUBJECT ADDED ENTRY--TOPICAL TERM
Topical term or geographic name as entry element AYURVDA
942 ## - ADDED ENTRY ELEMENTS (KOHA)
Source of classification or shelving scheme Dewey Decimal Classification
Koha item type Books
942 ## - ADDED ENTRY ELEMENTS (KOHA)
-- 3
Holdings
Withdrawn status Lost status Source of classification or shelving scheme Damaged status Not for loan Collection code Home library Current library Shelving location Date acquired Vendor Name Cost, normal purchase price SGTU Bill Number Total Checkouts Full call number Accession No. (Barcode) Date last seen Date last borrowed Bill Date Koha item type
    Dewey Decimal Classification     AYURVEDA SGT FA-FP Library SGT FA-FP Library Text Book 31/01/2018 AHUJA PUB 595.00 SGTU 9136 1 617.7 B16J FA8065 15/07/2021 09/07/2021 04/01/2018 Books
    Dewey Decimal Classification     AYURVEDA SGT FA-FP Library SGT FA-FP Library Text Book 31/01/2018 AHUJA PUB 595.00 SGTU 9136   617.7 B16J FA8066 31/01/2018   04/01/2018 Books
    Dewey Decimal Classification     AYURVEDA SGT FA-FP Library SGT FA-FP Library Text Book 31/01/2018 AHUJA PUB 595.00 SGTU 9136 6 617.7 B16J FA8067 31/07/2021 30/06/2021 04/01/2018 Books
    Dewey Decimal Classification     AYURVEDA SGT FA-FP Library SGT FA-FP Library Text Book 31/01/2018 AHUJA PUB 595.00 SGTU 9136   617.7 B16J FA8068 31/01/2018   04/01/2018 Books
    Dewey Decimal Classification     AYURVEDA SGT FA-FP Library SGT FA-FP Library Text Book 31/01/2018 AHUJA PUB 595.00 SGTU 9136 1 617.7 B16J FA8069 08/05/2023 24/04/2023 04/01/2018 Books
    Dewey Decimal Classification     AYURVEDA SGT FA-FP Library SGT FA-FP Library Text Book 31/01/2018 AHUJA PUB 595.00 SGTU 9136 4 617.7 B16J FA8070 02/09/2021 01/09/2021 04/01/2018 Books
    Dewey Decimal Classification     AYURVEDA SGT FA-FP Library SGT FA-FP Library Text Book 31/01/2018 AHUJA PUB 595.00 SGTU 9136   617.7 B16J FA8071 31/01/2018   04/01/2018 Books
    Dewey Decimal Classification     AYURVEDA SGT FA-FP Library SGT FA-FP Library Text Book 31/01/2018 AHUJA PUB 595.00 SGTU 9136 4 617.7 B16J FA8072 06/12/2019 13/11/2019 04/01/2018 Books
    Dewey Decimal Classification     AYURVEDA SGT FA-FP Library SGT FA-FP Library Text Book 31/01/2018 AHUJA PUB 595.00 SGTU 9136 4 617.7 B16J FA8073 16/01/2024 10/01/2024 04/01/2018 Books
    Dewey Decimal Classification     AYURVEDA SGT FA-FP Library SGT FA-FP Library Text Book 31/01/2018 AHUJA PUB 595.00 SGTU 9136 1 617.7 B16J FA8074 04/12/2019 22/11/2019 04/01/2018 Books